书目信息 |
| 题名: |
SPSS数据统计与分析标准教程
|
|
| 作者: | 夏丽华 , 谢金玲 编著 | |
| 分册: | ||
| 出版信息: | 北京 清华大学出版社 2014 |
|
| 页数: | 358页 | |
| 开本: | 26cm | |
| 丛书名: | ||
| 单 册: | ||
| 中图分类: | C819 | |
| 科图分类: | ||
| 主题词: | 统计分析--tong ji fen xi--统计程序--教材 | |
| 电子资源: | ||
| ISBN: | 978-7-302-32890-2 | |
| 000 | 01036nam0 22002651 450 | |
| 001 | 0116132759 | |
| 005 | 20161219100215.87 | |
| 010 | @a978-7-302-32890-2@dCNY49.00 | |
| 100 | @a20140628d2014 em y0chiy50 ea | |
| 101 | 0 | @achi |
| 102 | @aCN@b110000 | |
| 105 | @ay z 000yy | |
| 106 | @ar | |
| 200 | 1 | @aSPSS数据统计与分析标准教程@9spssshu ju tong ji yu fen xi biao zhun jiao cheng@f夏丽华,谢金玲等编著 |
| 210 | @a北京@c清华大学出版社@d2014 | |
| 215 | @a358页@d26cm@e1光盘 | |
| 307 | @a附光盘:ISBN 978-7-89414-879-7 | |
| 330 | @a本书汇集了用户在使用SPSS20.0时最常用的基础分析方法,通过实用案例,详细介绍了管理数据文件、基本统计分析、差异性均值分析、非参数检验、方差分析、相关分析、回归分析、信度分析、对数线性分析、聚类和判别分析、时间序列分析、绘制统计图表等内容。 | |
| 606 | 0 | @a统计分析@9tong ji fen xi@x统计程序@j教材 |
| 610 | 0 | @aSPSS@ASPSS |
| 690 | @aC819@v5 | |
| 701 | 0 | @a夏丽华@9xia li hua@4编著 |
| 701 | 0 | @a谢金玲@9xie jin ling@4编著 |
| 801 | 0 | @aCN@bTANGWEI@c20160820 |
| 905 | @b0953049-53@dC819@e128@f5 | |
| SPSS数据统计与分析标准教程/夏丽华,谢金玲等编著.-北京:清华大学出版社,2014 |
| 358页;26cm+1光盘 |
| ISBN 978-7-302-32890-2:CNY49.00 |
| 本书汇集了用户在使用SPSS20.0时最常用的基础分析方法,通过实用案例,详细介绍了管理数据文件、基本统计分析、差异性均值分析、非参数检验、方差分析、相关分析、回归分析、信度分析、对数线性分析、聚类和判别分析、时间序列分析、绘制统计图表等内容。 |
| ● |
| 相关链接 |
|
|
|
|
正题名:SPSS数据统计与分析标准教程
索取号:C819/128
 
预约/预借
| 序号 | 登录号 | 条形码 | 馆藏地/架位号 | 状态 | 备注 |
| 1 | 0953049 | 209530499 | 第一样本阅览室/ [索取号:C819/128] | 在馆 | |
| 2 | 0953050 | 209530505 | 第一借阅区/ [索取号:C819/128] | 在馆 | |
| 3 | 0953051 | 209530514 | 第一借阅区/ [索取号:C819/128] | 在馆 | |
| 4 | 0953052 | 209530523 | 第一借阅区/ [索取号:C819/128] | 在馆 | |
| 5 | 0953053 | 209530532 | 第一借阅区/ [索取号:C819/128] | 在馆 |